Statistiques concernant Département Ariège

Cliquez ici pour prendre le quiz!

Statistiques générales

  • Ce quiz a été pris 45 fois
  • Le résultat moyen est 4 sur 20

Statistiques - réponses

IndicesRéponses% Correct
Quel numéro porte le département de l'Ariège ?09
100%
Quel est le chef-lieu départemental ?Foix
97%
Avant 2014, dans quelle région administrative se trouvait le département ?Midi-Pyrénées
55%
Quelle capitale européenne se trouve la plus proche de l'Ariège ?Andorre-la-Vieille
45%
Quelle y est la plus grande station de ski, autrefois nommée Ax-Bonascre ?Ax 3 Domaines
21%
Quel minéral est extrait dans la carrière de Trimouns, produisant à elle-seule 10 % de la production mondiale ?Talc
18%
Quelle spécialité culinaire est le flocon d'Ariège ?Bonbon
16%
Jusqu'en 1244, pour quels réligieux chrétiens était-il un lieu de séjour régulier ?Cathares
13%
Quelle race de petit cheval de selle est originaire de l'Ariège ?Mérens
11%
De quel type de domaine féodal les couleurs du blason sont-elles reprises ?Comté
8%
Comment se nomment les habitants de Mirepoix, ville connue pour son festival des arts de la marionnette ?Mirapiciens
8%
Dans quel château languedocien serait, selon la légende, protégé le Graal ?Montségur
8%
À quel saint est consacrée la cathédrale de Pamiers, monument historique depuis 1906 ?Saint-Antonin
3%
Quel nouveau nom qui s'est vu rejeté par le Conseil d'État le département a-t-il voulu adopter en 2005 ?Ariège-Pyrénées
0%
Comment se nomme la figure pariétale « anthropozoomorphe » à tête de cerf ornant la grotte des Trois-Frères ?Chamane dansant
0%
Quel site classé depuis 1993 au titre des sites protégés français a été le lieu de réintroduction du bouquetin ibérique en 2014 ?Cirque de Cagateille
0%
Qui est le compositeur né dans cette même ville en 1845, ayant composé le « Cantique de Jean Racine » ?Gabriel Fauré
0%
Où se trouve le seul glacier du département ?Mont Valier
0%
Quelle capitale européenne se trouve la plus proche de l'Ariège ?Port de Pailhères
0%
Quel prêtre et musicien a composé l'hymne départemental « Arièjo ô moun Païs » ?Sabas Maury
0%

Distribution des résultats

Percentile par nombre de réponses

% des personnes avec chaque résultat

Votre développement - résultats

Vous n’avez pas pris ce quiz